000 00460nam a2200157Ia 4500
008 100122s9999 xx 000 0 und d
082 _b46681
_aBM823.08
100 _aबागवे शशीकांत
245 _aदिव्य कमळ
250 _a0
260 _bअरगडे कुलकणी प्रकाशन
_c1905
300 _a57
630 _aदिव्य कमळ
730 _aदिव्य कमळ
942 _cBOOK
999 _c425766
_d425763